Rozpoznaj piosenki po fragmencie tekstu! cz.4 - Statystyki

Ogólne statystyki
  • Ten quiz został rozwiązany 863 razy
  • Średni wynik to 20 z 60
Statystyki odpowiedzi
Hint Fragment piosenki Zespół/Wykonawca % Poprawnych
1.1 Wszystko byłoby inne gdybyś tu była, ja wiem. Nie tak trudne i dziwne gdybyś tu była, ja wiem... Jeśli miłość coś znaczy to musi dać znak. Kiedyś też to zobaczysz, powiesz mi tak: zniknie Warszawa tak jawa, jak sen. Życie to nie zabawa - dobrze to wiem! Lady Pank
67%
25.2 Tytuł piosenki Czy ten Pan i Pani
65%
28.1 Urodził się, sam dzisiaj nie wie gdzie Nie widział słońca ni nieba też Ojciec mu wrogi, mamy nie znał więc Samotnie ciągle witał nowy dzień Dlaczego ja? Tak Boga pytał się Naprawdę skrzydeł tych nie mogę mieć? Rozłożył ręce, chyba tego chce I jego oczy mówią "leć" Enej
63%
28.2 Tytuł piosenki Skrzydlate ręce
61%
9.2 Tytuł piosenki Pokolenie
55%
3.1 Ta niedziela jest jak film, tani klasy "B", Facet się pałęta w nim w nieciekawym tle, Scenarzysta forsę wziął, potem zaczął pić I z dialogów wyszło dno, zero, czyli nic. Budka Suflera
54%
1.2 Tytuł piosenki Stacja Warszawa
54%
3.2 Tytuł piosenki Bal wszystkich świętych
53%
8.1 Powiedz, powiedz czemu Świat twój milczy cały blady od wzruszeń Niczym słońce zaćmione przez księżyc Czekające na chwile poruszeń. Powiedz, czemu pragniesz Dojrzeć w oknach świata część odległą Niczym drzewo więdnące bez skargi Czekające na deszcze z nadzieją. Ich Troje
53%
25.1 Czy ten pan i pani są w sobie zakochani? Czy ta pani tego pana chce? Czy ten pan i pani są w sobie zakochani? Czy ta pani tego pana chce? Ona jest jak przepiękny ptak, a on dla niej na gitarze gra. Dżyn, dżyn, dżyn. Ania Wyszkoni
52%
8.2 Tytuł piosenki Powiedz
52%
23.1 Już pod koniec dnia, widzę obraz Twój Widzę miejsca w których byłem, widzę ludzi tłum Już pod koniec dnia, pustej szklanki dźwięk To chyba sen No, no, no,…no, no, no. Już pod koniec dnia, widzę obraz Twój W pustej szklance pomarańcze, to dobytek mój Już pod koniec dnia, pustej szklanki dźwięk To chyba sen Feel
51%
23.2 Tytuł piosenki Jak anioła głos
50%
2.2 Tytuł piosenki Jej czarne oczy
49%
9.1 Rodzisz się-to znak. Kocha cię ten świat. Barwy dnia, twój krzyk I barwy nocy. Masz już parę lat. Czujesz w co się gra: Dobro, zło i śmiech Prosto w oczy. W bramie łyk jak skok Kumple są, jest noc Ona jest o krok, Już dorosłeś. Kombii
48%
29.2 Tytuł piosenki Napraw
46%
13.2 Tytuł piosenki Lepszy model
45%
10.1 Niech dziś mój pocałunek na ustach innej gości Byś mogła się przekonać, jak ona Ci zazdrości Niech moje słodkie ręce dziś pieszczą innej ciało Byś mogła się przekonać, jak krzyczy: "Mało, mało!" x2 Łzy
45%
29.1 Ty widzisz, że nawet, kiedy śpię, płonę. Jedna myśl, daj mi wody. Pośród mych natchnień, Twoje łzy, słone. Błagam, napraw mnie Ukryty w kłamstwach, wobec prawd samych. Pisząc coś na kartkach starych. W imię tych ran nowych, które zadaję. Błagam, napraw mnie! LemON
43%
27.2 Tytuł piosenki Boso
41%
15.1 Ty go uczysz jak nie sercem, lecz czuć rozumem chcesz, by wierzył, że kochanie na sprzedaż jest Ty mówiłeś, że strach lepszy jest niż szacunek więc mu broń wkładasz w dłoń i wciąż każesz mu biec... Oskarżam Cię o łez strumienie, osamotnienie, zdradę i gniew Oskarżam Cię o to cierpienie, wojen płomienie, przelaną krew Kayah
41%
5.2 Tytuł piosenki Sacrum
41%
15.2 Tytuł piosenki Testosteron
40%
27.1 Nieużyty frak, dziurawy płaszcz Znoszony but Zapomniany szal zaszył się w kąt Niemodny już Każda rzecz o czymś śni Odstawiona Jeszcze chce modna być Zanim cicho skona Zakopower
40%
21.2 Tytuł piosenki Na kolana
39%
10.2 Tytuł piosenki Narcyz
39%
24.2 Tytuł piosenki Ławka
37%
22.1 Choć nie masz oczu Bardziej błękitnych Niż tamta miała Tamta, co kiedyś Dla żartów niebo W strzępy porwała Choć nie masz oczu Chmurnych jak burza Pod koniec lata Ty każdym latem I każdą burzą Mojego świata Piotr Rubik
36%
4.1 Nigdy nie pomyślałabym, Że mnie spotka miłość, Którą kochać chcę Tego, któremu zabroniona ja i on mi też Mój stróż widział to inaczej Ułożył piękną bajkę, W której już księciu jestem przeznaczona Ale Ty nie jesteś nim To nie jesteś Ty Virgin
36%
21.1 Zamilcz, zamilcz, już nie chcę słyszeć ciebie nigdy więcej, krwawi moje serce. Znikaj, znikaj, już nie chcę widzieć ciebie nigdy więcej, znikaj jak najprędzej. Dałam ci wszystko, co mogłam dać, a w zamian za to ty odpłacasz się tak Kasia Cerekwicka
34%
4.2 Tytuł piosenki Dwie bajki
33%
22.2 Tytuł piosenki Psalm dla Ciebie
33%
2.1 Złe kilometry dzielą nas Lato umiera jesieni czas W blaszany daszek tłucze deszcz A w mojej głowie wciąż ktoś jest Więc gdy wspomnienia męczą cię Wracają myśli krótkie dnie Zobaczyć jeszcze raz Ivan Komarenko
32%
24.1 Widziałem ją dzisiaj, tak o poranku, Czytała książkę na ławce w parku. Jak kot podszedłem, na brzegu usiadłem, Podniosła oczy, a ja odpadłem. Czy ktoś ich jeszcze razem widział? Czy ktoś cokolwiek o nich wie? Ou yeah, ou yeah, ou yeah Czy zakochali się? Formacja Nieżywych Schabuff
30%
11.1 Słuchasz kiedy śpiewam, jesteś blisko mnie Gdy Ci podam rękę musisz wiedzieć, że Nic już nie jest ważne, nic już nie jest snem Spróbuj mi uwierzyć - życie piękne jest Nie, nie, nie, nie, nie, nie, nie, nie, nie, Nie obchodzi mnie jak na imię masz Bajm
28%
18.1 Mów do mnie słodko, mów co usłyszeć chcę. Mów jakby jutro cały świat, nagle miał zawalić się. Mów, że beze mnie nie możesz dłużej żyć. Mów, że bez Ciebie na tym świecie ja nie znaczę przecież nic. Poprzez konstelacje gwiazd, Poprzez jasną zieleń traw, Poprzez noc i poprzez dzień, Możesz poprowadzić mnie. PIN
26%
26.1 Nie mów nic, znam tę minę Możesz iść, dobrze wiem, że nie zginiesz Nie wiesz sam czego szukasz Bawisz się jakby nie było jutra. Między nami nic nie było Parę nocy, trochę wina, To za mało by Cię mieć. Może tylko się łudziłam, Może lekko pogubiłam, Nie bój się, nie zrobię scen... Natalia Kukulska
25%
6.1 Każdy deszcz, każda noc, nagi księżyc, jego czuły wzrok, zapach traw ciepło dni jakby trochę magii ktoś odebrał im radzę sobie świetnie przecież wiesz tylko w snach powraca myśl że tam na dnie...! Patrycja Markowska
25%
6.2 Tytuł piosenki Świat się pomylił
25%
7.1 Banalnie kończy się ten dzień, nudnawy film i coś na sen Nie czekam na nic dawno już do mnie, nawet nie dzwonisz I nagle puka ktoś do drzwi,otwieram widzę że to ty I chociaż wiem że kłamiesz, znów nie mam sił, by się bronić Video
25%
26.2 Tytuł piosenki Wierność jest nudna
25%
17.1 Brak słów, brak nut By opisać, co zrobiłeś mi Nagle znikając bez "do widzenia" Znów chcesz by dom twoim światem był Skąd wiesz, że ja chcę z tobą w nim być Gdy zamknąłeś drzwi, zegar dalej bił Czas nie stanął w miejscu, nie było mi żal Zapomniałam już, czemu było źle To już jest nieważne dziś dla mnie Monika Brodka
24%
13.1 Nie mam do Ciebie cierpliwości To pewne że już nie będę mieć Minął termin twojej przydatności Gwarancja nie obejmuje Cię Nie pozostawiasz mi wyboru Na lepszy model zmienię Cię Nie potrzebuję w domu złomu Nie mam do Ciebie zaufania To pewne że już nie będę mieć Dosyć mam tego naprawiania Kasia Klich
22%
17.2 Tytuł piosenki Ten
21%
14.1 Może za bardzo chciałam zmienić twój świat? Pewnie niechcący znów zraniłam Cię tak, wiem Zburzyłam coś, co trwać mogło i dać Mi odrobinę Ciebie, Lepszy czas... (...) Czasami błądzę, brak mi wiary i szans... Znaleźć odpowiedź jak to mogło się stać, więc Zanim odejdziesz to odpowiedz czy starczy sił, Chcę chwile być przy Tobie i nią żyć Kasia Kowalska
17%
16.2 Tytuł piosenki Kiedyś cię znajdę
16%
18.2 Tytuł piosenki Konstelacje
16%
5.1 Niesie tam gdzie ptak (tam gdzie ptak), nie najwyższe widzę gwiazdy, a szczęście dają, bo jesteś tam, niesie tam gdzie ja (tam gdzie ja), do ostatniej przystani dobiłam, wysiadam, zostaję, niesie mnie, gdzie ciebie, odnalazłam cię, odnalazłeś mnie. Mezo i Kasia Wilk
16%
16.1 Ile jeszcze mogę znieść Niepewność obezwładnia mnie Czekam licząc każdy dzień W nadziei, że pojawisz się Byłam kiedyś już o krok Wyraźnie wyczuwałam to Trafiłam jednak na Twój cień Mimo tego ciągle wiem Reni Jusis
16%
11.2 Tytuł piosenki Szklanka wody
15%
7.2 Tytuł piosenki Bella
14%
19.1 Kiedy zamiera wokół nas, W ciszę zaklęty świt I ten sam... Obcy czas... Puste dni... Gdy Ci zabiera kogoś czas, rozpaczą sięgasz gwiazd A gdzieś tam Obcy świat... Pusty dom.... Urszula
11%
20.1 Dzisiaj uwierzyłam, że do szczęścia mi wystarczy, bym przy tobie była, byś codziennie na mnie patrzył. Niby tak zwyczajnie, Ale oczy mówią wiele. Uwierzyłam znów Ten blask, który inni we mnie dostrzegają. Niech trwa, no bo dotąd miałam go za mało. Ten blask, by zaistnieć potrzebuje Ciebie Goya
10%
12.1 Płaczę do pustych ścian - co za wstyd Byłam z kimś jakiś czas, nieważne już Czuję, że wokół mnie nie kocha nikt Czuję, że zawsze już będzie tak Tulę się do Twych rąk - nie czuję nic Boję się poczuć coś - to boli, wiem O.N.A
10%
19.2 Tytuł piosenki Dziś już wiem
8%
30.1 Nic, że nie znam Ciebie Nic, że nie wiem, jak to zrobię Jednak serce pęka Znowu oprzeć się nie mogłem Wczoraj ledwie chwila Dzisiaj rozbiegane ręce Dzisiaj tylko czekam Losie, musisz dać mi więcej! Łukasz Zagrobelny
7%
20.2 Tytuł piosenki Tylko mnie kochaj
7%
30.2 Tytuł piosenki Życie na czekanie
7%
12.2 Tytuł piosenki Niekochana
4%
14.2 Tytuł piosenki Widze twoją twarz
3%
Nie znaleziono quizów pasujących do podanych kryteriów
Rozkład punktacji
Procent ludzi z każdym wynikiem
Percentyl według liczby udzielonych odpowiedzi
Twoja historia wyników
Nie rozwiązałeś tego quizu